000 00405nam a2200181Ia 4500
001 23361
005 20260414150932.0
008 260414t2006||||xx |||||||||||||| ||spa||
041 _aESP
082 _a629.892
_bC87
100 _aCraig, John J.
_eAUT
245 0 _aRobótica
_b
260 _c2006
300 _a408 páginas :
_c23 cm.
650 _aCNM
654 _aCCN
942 _cLIB
_dJUS
_fJUS
_2ddc
_n
999 _c23361
_d23361